9th Symposium on Elementary Processes and Chemical Reactions in Low Temperature Plasma : Konf. Píla,Small Carpathy. Czecho-slovakia. September 7 to 11,1992

Guardado en:
Detalles Bibliográficos
Formato: Libro
Lenguaje:inglés
Publicado: Bratislava : JSMF pri SAV, 1992
Materias:
Etiquetas: Agregar Etiqueta
Sin Etiquetas, Sea el primero en etiquetar este registro!

MARC

LEADER 00000nam a22000003a 4500
001 stu38973
005 20150408180703.1
008 921209s1992----cs------------------eng-d
040 |a STU  |b slo 
041 0 |a eng 
044 |a cs 
080 |a 533.9(082) 
245 |a 9th Symposium on Elementary Processes and Chemical Reactions in Low Temperature Plasma :  |b Konf. Píla,Small Carpathy. Czecho-slovakia. September 7 to 11,1992 
260 |a Bratislava :  |b JSMF pri SAV,  |c 1992 
300 |a 292 s 
650 7 |a fyzika plazmy  |2 stusub 
650 7 |a zborníky  |2 stusub 
650 7 |a Plazma nízkotepelná  |2 stusub 
650 7 |a procesy elementárne a chemické  |2 stusub 
996 |b MZ 682  |c M*Z-682  |l MMKN  |s A  |a 24  |w stu38973_0001